<?xml version='1.0' encoding='UTF-8'?>
  <record xmlns="http://www.loc.gov/MARC21/slim">
    <leader>00000cam a22000007i 4500</leader>
    <controlfield tag="001">ocn901222262</controlfield>
    <controlfield tag="003">OCoLC</controlfield>
    <controlfield tag="005">20260608081321.2</controlfield>
    <controlfield tag="008">150127s1479    gw            000 0 lat d</controlfield>
    <datafield tag="040" ind1=" " ind2=" ">
      <subfield code="a">NLGGC</subfield>
      <subfield code="b">eng</subfield>
      <subfield code="e">rda</subfield>
      <subfield code="e">dcrmr</subfield>
      <subfield code="c">NLGGC</subfield>
      <subfield code="d">OCLCO</subfield>
      <subfield code="d">OCLCL</subfield>
      <subfield code="d">OCLCQ</subfield>
      <subfield code="d">QGJ</subfield>
    </datafield>
    <datafield tag="029" ind1="0" ind2=" ">
      <subfield code="a">NLGGC</subfield>
      <subfield code="b">388319410</subfield>
    </datafield>
    <datafield tag="035" ind1=" " ind2=" ">
      <subfield code="a">(OCoLC)901222262</subfield>
    </datafield>
    <datafield tag="130" ind1="0" ind2=" ">
      <subfield code="a">Bible.</subfield>
      <subfield code="l">Latin.</subfield>
      <subfield code="s">Vulgate.</subfield>
    </datafield>
    <datafield tag="245" ind1="1" ind2="0">
      <subfield code="a">Insigne veteris nouiq[ue] testame[n]ti op[us]</subfield>
    </datafield>
    <datafield tag="246" ind1="1" ind2=" ">
      <subfield code="i">Title according to ISTC:</subfield>
      <subfield code="a">Biblia latina</subfield>
    </datafield>
    <datafield tag="246" ind1="1" ind2=" ">
      <subfield code="i">Title according to GW, BSB-Ink, IDL:</subfield>
      <subfield code="a">Biblia</subfield>
    </datafield>
    <datafield tag="264" ind1=" " ind2="1">
      <subfield code="a">In ciuitate Colonie[n]si :</subfield>
      <subfield code="b">p[er] Conradu[m] de homborch,</subfield>
      <subfield code="c">Millesimo q[ua]dringe[n]tesi[m]o. lxxix. Ipsa vigilia Mathei apostoli. [ 20 Sept. 1479]</subfield>
    </datafield>
    <datafield tag="300" ind1=" " ind2=" ">
      <subfield code="a">[1], CCCxcix, [6] leaves ;</subfield>
      <subfield code="c">38 cm (folio)</subfield>
    </datafield>
    <datafield tag="336" ind1=" " ind2=" ">
      <subfield code="a">text</subfield>
      <subfield code="b">txt</subfield>
      <subfield code="2">rdacontent</subfield>
    </datafield>
    <datafield tag="337" ind1=" " ind2=" ">
      <subfield code="a">unmediated</subfield>
      <subfield code="b">n</subfield>
      <subfield code="2">rdamedia</subfield>
    </datafield>
    <datafield tag="338" ind1=" " ind2=" ">
      <subfield code="a">volume</subfield>
      <subfield code="b">nc</subfield>
      <subfield code="2">rdacarrier</subfield>
    </datafield>
    <datafield tag="340" ind1=" " ind2=" ">
      <subfield code="m">folio</subfield>
      <subfield code="2">rdabf</subfield>
    </datafield>
    <datafield tag="340" ind1=" " ind2=" ">
      <subfield code="k">2 columns</subfield>
    </datafield>
    <datafield tag="500" ind1=" " ind2=" ">
      <subfield code="a">Title and publication statement from colophon (leaf CCCxcic (X4) recto), which reads: Anno i[n]carnatio[n]is dominice Millesimo q[ua]dringe[n]tesi[m]o. lxxix. Ipsa vigilia Mathei apostoli. Q[ua]m [?] insigne veteris nouiq[ue] testame[n]ti op[us] cum canonib[us] [et] eua[n]gelistaru[m] [et] eo[rum] [con]corda[n]tijs In laude[m] [et] gloria[m] s[an]c[t]e ac indiuidue trinitatis inteme[r]ate v[ir]ginis marie imp[re]ssum in ciuitate Colonie[n]si p[er] Conradu[m] de homborch: admissum [et] approbatu[m] ab alma viniuersitate Colonie[n]si. Finit feliciter.</subfield>
    </datafield>
    <datafield tag="500" ind1=" " ind2=" ">
      <subfield code="a">Leaf a1 verso: table of contents, with incipit: Locus libro[rum] numerus dinoscit[ur] ordo</subfield>
    </datafield>
    <datafield tag="500" ind1=" " ind2=" ">
      <subfield code="a">Incipit leaf I (a2] recto: Incipit epistola sancti Jheronimi ad paulinum p[re]sb[yte]r[u]m de o[mn]ibus diuine historie libris.</subfield>
    </datafield>
    <datafield tag="500" ind1=" " ind2=" ">
      <subfield code="a">Last six unnumbered leaves contain a letter by Menardus Eisacensis to Jakob of Eisenach, with first line: [V]Enerabili viro domino Jacobo de ysenaco. Menard[us] solo n[om]i][n]e monach[us] vtina[m] chr[ist]i seruus. The letter is followed by the Eusebian canons.</subfield>
    </datafield>
    <datafield tag="500" ind1=" " ind2=" ">
      <subfield code="a">Text printed in two columns.</subfield>
    </datafield>
    <datafield tag="500" ind1=" " ind2=" ">
      <subfield code="a">Capital spaces without guide letters.</subfield>
    </datafield>
    <datafield tag="500" ind1=" " ind2=" ">
      <subfield code="a">Signatures:  a-t¹⁰ v-x⁶ A-L¹⁰ M⁸ N-O¹⁰ P-Q⁸ R-X¹⁰; a1r, CCi [x6]v, X10 are blank.</subfield>
    </datafield>
    <datafield tag="510" ind1="4" ind2=" ">
      <subfield code="a">Incunabula short title catalogue,</subfield>
      <subfield code="c">ib00565000</subfield>
      <subfield code="u">https://data.cerl.org/istc/ib00565000</subfield>
    </datafield>
    <datafield tag="510" ind1="4" ind2=" ">
      <subfield code="a">Gesamtkatalog der Wiegendrucke,</subfield>
      <subfield code="c">04240</subfield>
      <subfield code="u">https://www.gesamtkatalogderwiegendrucke.de/docs/GW04240.htm</subfield>
    </datafield>
    <datafield tag="510" ind1="4" ind2=" ">
      <subfield code="a">Incunabula in Dutch Libraries,</subfield>
      <subfield code="c">830</subfield>
    </datafield>
    <datafield tag="510" ind1="4" ind2=" ">
      <subfield code="a">Bayerische Staatsbibliothek Inkunabelkatalog,</subfield>
      <subfield code="c">B-436</subfield>
      <subfield code="u">https://inkunabeln.digitale-sammlungen.de/Ausgabe_B-436.html</subfield>
    </datafield>
    <datafield tag="510" ind1="4" ind2=" ">
      <subfield code="a">Typenrepertorium der Wiegendrucke,</subfield>
      <subfield code="c">ma00652</subfield>
      <subfield code="u">https://tw.staatsbibliothek-berlin.de/ma00652</subfield>
    </datafield>
    <datafield tag="510" ind1="4" ind2=" ">
      <subfield code="a">Typenrepertorium der Wiegendrucke,</subfield>
      <subfield code="c">ma00653</subfield>
      <subfield code="u">https://tw.staatsbibliothek-berlin.de/ma00653</subfield>
    </datafield>
    <datafield tag="546" ind1=" " ind2=" ">
      <subfield code="b">Type face: 1:99G, 2:200G</subfield>
    </datafield>
    <datafield tag="562" ind1=" " ind2=" ">
      <subfield code="a">BIBLIOGRAPHICAL DESCRIPTION WITHOUT LOCAL DATA OF ANY INSTITUTION. PLEASE DO NO MATCH OR MERGE WITH BIBLIOGRAPHICAL RECORD OF SAME MANIFESTION CONTAINING LOCAL DATA OF ANY INSTITUTION.</subfield>
      <subfield code="5">NL-UtRU</subfield>
    </datafield>
    <datafield tag="630" ind1="0" ind2="0">
      <subfield code="a">Bible.</subfield>
      <subfield code="l">Latin</subfield>
      <subfield code="x">Versions</subfield>
      <subfield code="x">Vulgate.</subfield>
    </datafield>
    <datafield tag="630" ind1="0" ind2="6">
      <subfield code="a">Bible.</subfield>
      <subfield code="l">Latin</subfield>
      <subfield code="x">Versions</subfield>
      <subfield code="x">Vulgate.</subfield>
    </datafield>
    <datafield tag="630" ind1="0" ind2="7">
      <subfield code="a">Bible</subfield>
      <subfield code="2">fast</subfield>
    </datafield>
    <datafield tag="650" ind1=" " ind2="7">
      <subfield code="a">Incunabula</subfield>
      <subfield code="2">fast</subfield>
    </datafield>
    <datafield tag="655" ind1=" " ind2="2">
      <subfield code="a">Incunabula</subfield>
    </datafield>
    <datafield tag="655" ind1=" " ind2="7">
      <subfield code="a">incunabula (books)</subfield>
      <subfield code="2">aat</subfield>
    </datafield>
    <datafield tag="655" ind1=" " ind2="7">
      <subfield code="a">Incunables.</subfield>
      <subfield code="2">rvmgf</subfield>
    </datafield>
    <datafield tag="700" ind1="0" ind2=" ">
      <subfield code="a">Menardus,</subfield>
      <subfield code="c">Eisnacensis,</subfield>
      <subfield code="e">contributor.</subfield>
      <subfield code="4">ctb</subfield>
      <subfield code="1">https://id.oclc.org/worldcat/entity/E39PCjvcPqP9mTKcDFYmBCvXHP</subfield>
    </datafield>
    <datafield tag="700" ind1="0" ind2=" ">
      <subfield code="a">Jakob,</subfield>
      <subfield code="c">von Eisenach,</subfield>
      <subfield code="d">active 15th century,</subfield>
      <subfield code="e">dedicatee.</subfield>
      <subfield code="4">dte</subfield>
    </datafield>
    <datafield tag="700" ind1="1" ind2=" ">
      <subfield code="a">Winters, Conrad,</subfield>
      <subfield code="d">active 1475-1482,</subfield>
      <subfield code="e">printer.</subfield>
      <subfield code="4">prt</subfield>
      <subfield code="1">https://id.oclc.org/worldcat/entity/E39PBJrcmMfRjWjrYgpRqrTvHC</subfield>
    </datafield>
    <datafield tag="752" ind1=" " ind2=" ">
      <subfield code="a">Germany</subfield>
      <subfield code="d">Cologne,</subfield>
      <subfield code="e">publication place.</subfield>
      <subfield code="4">pup</subfield>
    </datafield>
    <datafield tag="936" ind1=" " ind2=" ">
      <subfield code="a">BATCHLOAD</subfield>
    </datafield>
  </record>